Ηγεσία και Διαχείριση Κρίσεων (Record no. 9549)
[ view plain ]
| 000 -LEADER | |
|---|---|
| fixed length control field | 01731cam a22001814a 4500 |
| 005 - ΗΜΕΡΟΜΗΝΙΑ ΚΑΙ ΩΡΑ ΤΕΛΕΥΤΑΙΑΣ ΕΝΗΜΕΡΩΣΗΣ | |
| Πεδίο ελέγχου | 20250605164403.0 |
| 008 - FIXED-LENGTH DATA ELEMENTS--GENERAL INFORMATION | |
| Πεδίο ελέγχου σταθερού μήκους | 250528s ||||||||||||||||||||||||d |
| 035 ## - SYSTEM CONTROL NUMBER | |
| System control number | 24682 |
| 040 ## - ΠΗΓΗ ΚΑΤΑΛΟΓΟΓΡΑΦΗΣΗΣ | |
| Φορέας πρωτότυπης καταλογογράφησης | MC Athens Campus Library |
| Γλώσσα καταλογογράφησης | Ελληνικά, Μοντέρνα (1453-) |
| Modifying agency | MC Athens Campus Library |
| Κανόνες περιγραφικής καταλογογράφησης | AACR2 |
| 245 1# - ΤΙΤΛΟΣ ΚΑΙ ΔΗΛΩΣΗ ΥΠΕΥΘΥΝΟΤΗΤΑΣ | |
| Τίτλος | Ηγεσία και Διαχείριση Κρίσεων |
| 260 ## - PUBLICATION, DISTRIBUTION, ETC. | |
| Name of publisher, distributor, etc. | Δελτίον Διοικήσεως Επιχειρήσεων, |
| Date of publication, distribution, etc. | 2020 |
| 300 ## - PHYSICAL DESCRIPTION | |
| Extent | 96 |
| 520 ## - SUMMARY, ETC. | |
| Summary, etc. | Η Ηγεσία στην Εποχή του Covid-19, Οι 100 Λέξεις του Μάναντζμεντ, Αξιολογήστε την Επίδοση της Εταιρικής σας Επωνυμίας Μέσω των Διεθνών Προτύπων, ΤτΕ: Οι Επτά Προτεραιότητες για την Ελληνική Οικονομία, NIELSEN: Υψηλά ο Δείκτης Καταναλωτικής Εμπιστοσύνης στην Ελλάδα, ΕΕΝΕ + ΕΛΛΗΝΙΚΗ ΠΑΡΑΓΩΓΗ: Οι Προκλήσεις για το Μέλλον της Παραγωγής, ΠΣΕ: Ρεκόρ για τις Εαγωγές και το 2019, ΣΕΒΕ: Άνοδος του Δείκτη Εξαγωγικών Προσδοκιών, NIELSEN: Ψηφιακή ή Προφορική Επικοινωνία, Χ. ΦΑΦΑΛΙΟΣ: Οι Ελληνικές Ναυτιλιακές Εταιρίες Συνεχίζουν στο Σωστό Δρόμο, ΕΒΘ - ΣΒΕ: Η Ασφάλιση Ομπρέλα Προστασίας για Κάθε Επιχείρηση, Τα Νέα των Βιομηχανικών και Εμπορικών Επιχειρήσεων. |
| 700 1# - ΠΡΟΣΘΕΤΗ ΑΝΑΓΡΑΦΗ--ΦΥΣΙΚΟ ΠΡΟΣΩΠΟ | |
| Personal name | Παπαμιχαλάκης Ιωάννης Ν |
| 9 (RLIN) | 9495 |
| 942 ## - ADDED ENTRY ELEMENTS (KOHA) | |
| Koha item type | Περιοδικά Δημοσιεύματα |
| Τύπος τεκμηρίου | Βιβλιοθήκη | Τρέχουσα τοποθεσία | Barcode | Ημερομηνία απόκτησης | Ταξιθετικό σύμβολο | Αριθμός αντιτύπου | Κατάσταση απόσυρσης | Κατάσταση χαμένου | Κατάσταση κατεστραμμένου | Μη δανεισμός | Σύνολο δανεισμών | Ημερομηνία τελευταίας εμφάνισης | Η τιμή ισχύει από |
|---|---|---|---|---|---|---|---|---|---|---|---|---|---|
| Περιοδικά Δημοσιεύματα | MC Athens Campus Library | MC Athens Campus Library | 9780000095480 | 05/06/2025 | ΔΕΛΤΙΟΝ ΔΙΟΙΚΗΣΗ ΕΠΙΧΕΙΡΗΣΕΩΝ | 1 | 05/06/2025 | 05/06/2025 |